000 01132nam2a2200277 4500
001 RU\NLR\BIBL_A\012039260
005 20190708103619.0
010 _a978-5-8285-1012-2
_9500
021 _aRU
_bКН-П-19-037174
_9КН-П-19-2732
021 _aRU
_bКН-П-19-037174
_9КН-П-19-3873
035 _a(NLR Aleph) 012039260
035 _a(RuMoRGB)009990176
090 _a11592134
_c11592134
100 _a20190619d2019 u y0rusy50 ca
101 0 _arus
102 _aRU
105 _ay|||z|||000zy
200 0 _aВып. 3
210 _d2019
215 _a355 с.
300 _aНа обл. нумерация: № 3
461 0 _1001RU\NLR\BIBL_A\011688406
_12001#$aТы слышишь ли меня?$eлитературно-художественный альманах$f[редактор: В.С. Елманов]$vВып. 3
_911324561
_cКострома
_d2018
_f[редактор: В.С. Елманов]
_nКГУ
_oлитературно-художественный альманах
_tТы слышишь ли меня?
_vВып. 3
942 _cBOOK
980 _aNB